00613cam a2200193ua 45000010005000000080039000050400009000440820012000531000038000652450058001032500009001612600036001703000017002066530022002236530032002459420007002779990015002849520120002992516110912n ii |||gr||||Z||||||asm cMAIN a491.451 aBaruah, Birtinchi Kumar,eAuthor.1 aAsamiya bhasa aru sanskriticby Birinchi Kumar Baruah a5th. aNalbari:bJournal Emporium,985. a130p:c23cm. aAssamese language aAsamiya bhasa aru sanskriti cBK c2369d2369 00104070aMAINbMAINcGENd2020-09-19l4o491.451 | BARp8547r2024-09-19 05:32:49s2024-09-18t1w2020-09-19yBK